TV Shows (US) Quiz Stats

 Plays Quiz Updated Oct 12, 2016

Score 0/24 Timer 05:00
1 Play Today
% Correct
Ugly Betty
92.9%
Everybody Loves Raymond
80.4%
Smallville
80.3%
30 Rock
79.2%
Cheers
66.5%
Dawson's Creek
65.3%
True Blood
64.7%
Dharma & Greg
64.1%
The Jeffersons
61.3%
3rd Rock from the Sun
59.3%
The Beverly Hillbillies
57.2%
Curb Your Enthusiasm
55.3%
% Correct
Miami Vice
54.3%
The Mentalist
51.9%
Alias
46.7%
Who's the Boss
44.8%
Mad About You
43.6%
Green Acres
39.8%
Heroes
37.4%
Welcome Back Kotter
34.1%
Quantum Leap
30.8%
L. A. Law
20.7%
Remington Steele
19.5%
Battlestar Galactica
13.3%

You're not logged in!

Compare scores with friends on all Sporcle quizzes.
OR
Log In

Sporcle TV

Today on Sporcle TV


Watch our educational content, quiz creation guides, and fun videos on Sporcle TV.

Show Comments

Extras

Top Quizzes Today


Score Distribution

Your Account Isn't Verified!

In order to create a playlist on Sporcle, you need to verify the email address you used during registration. Go to your Sporcle Settings to finish the process.

Report this User

Report this user for behavior that violates our Community Guidelines.

Details: